Všeobecná zootechnika (pre fytotechnický odbor)

Podrobná bibliografia
Hlavní autori: Kliment, Jozef, 1928-2007 (Autor), Pšenica, Ján, 1930-2022 (Autor), Kúbek, Alojz, 1941-2020 (Autor)
Médium: Kniha
Jazyk:slovenčina
Fyzický popis:340 strán schémy, tabuľky 30 cm
Vydavateľské údaje: Bratislava Príroda 1983
Vydanie:1. vyd.
Edícia:Vysokoškolské skriptá
Predmet:

MARC

LEADER 00000cam a2200000 a 4500
001 vtls001117864
003 SK-MaSNL
005 20260302094947.0
008 240513s1983 xo l frnp 00000 slo
015 |a SNBA1983/06 
020 |q (brožované) 
035 |a SNK000060707 
040 |a SNK  |b slo  |c SNK  |e AACR2 
041 0 |a slo 
044 |a xo  |c SK 
080 |a 636.082(075.8)  |2 1981 
100 1 |a Kliment, Jozef,  |d 1928-2007  |4 aut  |9 195129 
245 1 0 |a Všeobecná zootechnika (pre fytotechnický odbor)  |c Jozef Kliment, Ján Pšenica, Alojz Kúbek 
250 |a 1. vyd. 
260 |a Bratislava  |b Príroda  |c 1983 
300 |a 340 strán  |b schémy, tabuľky  |c 30 cm 
490 1 |a Vysokoškolské skriptá 
504 |a Obsahuje bibliografiu 
650 0 7 |a zootechnika  |2 SNKPH  |9 68200 
655 7 |a učebnice vysokých škôl  |2 SNKPH  |9 70191 
700 1 |a Pšenica, Ján,  |d 1930-2022  |4 aut  |9 39327 
700 1 |a Kúbek, Alojz,  |d 1941-2020  |4 aut  |9 233784 
830 0 |a Vysokoškolské skriptá  |9 276440 
852 |a Slovenská národná knižnica 
954 |a odborná, vedecká literatúra pôvodná (slovenská)  |2 lita 
958 |a RK 
958 |a TL 
958 |a NB 
958 |a OND 
958 |a UV 
999 |c 1215212  |d 1217142 
952 |a SNK  |b SNK  |y PREZ  |7 0  |p 17A0772168  |o snkSB 37188  |0 0  |1 0  |4 0  |d 2012-04-03  |f 1  |l 0  |r 2025-04-16 00:00:00  |w 2026-02-24 
952 |t P60, <04>, [BOOK], {604}  |a SNK  |b SNK  |y VYP  |7 0  |p 17A0126962  |o snkSB 37188 D1  |0 0  |1 0  |4 0  |d 1998-02-26  |l 0  |r 2004-12-31 00:00:00  |w 2026-02-24